<?xml version="1.0" encoding="UTF-8"?>
<record
    xmlns:xsi="http://www.w3.org/2001/XMLSchema-instance"
    xsi:schemaLocation="http://www.loc.gov/MARC21/slim http://www.loc.gov/standards/marcxml/schema/MARC21slim.xsd"
    xmlns="http://www.loc.gov/MARC21/slim">

  <leader>00945nam0a22002531  4500</leader>
  <controlfield tag="001">rc\3615725</controlfield>
  <controlfield tag="005">20250610051815.0</controlfield>
  <datafield tag="021" ind1=" " ind2=" ">
    <subfield code="a">RU</subfield>
    <subfield code="b">&#x420;&#x433;1230-74</subfield>
  </datafield>
  <datafield tag="021" ind1=" " ind2=" ">
    <subfield code="a">RU</subfield>
    <subfield code="b">73-&#x41E;&#x42D;-94258</subfield>
  </datafield>
  <datafield tag="035" ind1=" " ind2=" ">
    <subfield code="a">(NLR Aleph) 007714751</subfield>
  </datafield>
  <datafield tag="090" ind1=" " ind2=" ">
    <subfield code="a">6886329</subfield>
    <subfield code="c">6886329</subfield>
  </datafield>
  <datafield tag="100" ind1=" " ind2=" ">
    <subfield code="a">20130115d1973    |||y0rusy50      ca</subfield>
  </datafield>
  <datafield tag="101" ind1="0" ind2=" ">
    <subfield code="a">rus</subfield>
  </datafield>
  <datafield tag="102" ind1=" " ind2=" ">
    <subfield code="a">RU</subfield>
  </datafield>
  <datafield tag="105" ind1=" " ind2=" ">
    <subfield code="a">a   z   |||||</subfield>
  </datafield>
  <datafield tag="200" ind1="1" ind2=" ">
    <subfield code="a">&#x413;&#x43B;&#x438;&#x441;&#x442;&#x43D;&#x44B;&#x435; &#x431;&#x43E;&#x43B;&#x435;&#x437;&#x43D;&#x438; &#x447;&#x435;&#x43B;&#x43E;&#x432;&#x435;&#x43A;&#x430; &#x438; &#x43C;&#x435;&#x440;&#x44B; &#x431;&#x43E;&#x440;&#x44C;&#x431;&#x44B; &#x441; &#x43D;&#x438;&#x43C;&#x438;</subfield>
    <subfield code="e">(&#x412; &#x43F;&#x43E;&#x43C;&#x43E;&#x449;&#x44C; &#x43B;&#x435;&#x43A;&#x442;&#x43E;&#x440;&#x443;)</subfield>
    <subfield code="f">&#x420;&#x435;&#x441;&#x43F;. &#x434;&#x43E;&#x43C; &#x441;&#x430;&#x43D;. &#x43F;&#x440;&#x43E;&#x441;&#x432;&#x435;&#x449;&#x435;&#x43D;&#x438;&#x44F; &#x41C;-&#x432;&#x430; &#x437;&#x434;&#x440;&#x430;&#x432;. &#x423;&#x437;&#x421;&#x421;&#x420;. &#x426;&#x435;&#x43D;&#x442;&#x440;. &#x43A;&#x43E;&#x43C;. &#x41E;-&#x432;&#x430; &#x41A;&#x440;&#x430;&#x441;&#x43D;&#x43E;&#x433;&#x43E; &#x41F;&#x43E;&#x43B;&#x443;&#x43C;&#x435;&#x441;&#x44F;&#x446;&#x430; &#x423;&#x437;&#x431;&#x435;&#x43A;&#x438;&#x441;&#x442;&#x430;&#x43D;&#x430;</subfield>
  </datafield>
  <datafield tag="210" ind1=" " ind2=" ">
    <subfield code="a">&#x422;&#x430;&#x448;&#x43A;&#x435;&#x43D;&#x442;</subfield>
    <subfield code="c">&#x41C;&#x435;&#x434;&#x438;&#x446;&#x438;&#x43D;&#x430;</subfield>
    <subfield code="d">1973</subfield>
  </datafield>
  <datafield tag="215" ind1=" " ind2=" ">
    <subfield code="a">19 &#x441;.</subfield>
    <subfield code="c">&#x438;&#x43B;.</subfield>
    <subfield code="d">20</subfield>
  </datafield>
  <datafield tag="700" ind1=" " ind2="1">
    <subfield code="a">&#x41C;&#x430;&#x433;&#x434;&#x438;&#x435;&#x432;</subfield>
    <subfield code="b">&#x420;.&#x420;.</subfield>
    <subfield code="g">&#x420;&#x443;&#x445;&#x443;&#x43B;&#x43B;&#x430; &#x420;&#x430;&#x445;&#x438;&#x43C;&#x43E;&#x432;&#x438;&#x447;</subfield>
  </datafield>
  <datafield tag="801" ind1=" " ind2="0">
    <subfield code="a">RU</subfield>
    <subfield code="b">NLR</subfield>
    <subfield code="g">psbo</subfield>
  </datafield>
  <datafield tag="801" ind1=" " ind2="1">
    <subfield code="a">RU</subfield>
    <subfield code="b">ELAR</subfield>
    <subfield code="2">rusmarc</subfield>
  </datafield>
  <datafield tag="852" ind1=" " ind2=" ">
    <subfield code="a">NLR</subfield>
    <subfield code="j">73-4/38868</subfield>
  </datafield>
  <datafield tag="942" ind1=" " ind2=" ">
    <subfield code="c">BOOK</subfield>
  </datafield>
  <datafield tag="980" ind1=" " ind2=" ">
    <subfield code="a">NB</subfield>
  </datafield>
  <datafield tag="995" ind1=" " ind2=" ">
    <subfield code="5">2013-10-26</subfield>
    <subfield code="b">NLR01</subfield>
    <subfield code="c">NLR01</subfield>
    <subfield code="e">RF91</subfield>
    <subfield code="f">7714751-10</subfield>
    <subfield code="k">73-4/38868</subfield>
    <subfield code="o">0</subfield>
    <subfield code="r">BOOK</subfield>
    <subfield code="s">73438868_</subfield>
  </datafield>
</record>
